| 000 | 00677nam a2200217 u 4500 | ||
|---|---|---|---|
| 005 | 20240831063711.0 | ||
| 008 | 080311s2004 es r 000 0 spa d | ||
| 020 | _a8476470193 | ||
| 035 | _aUPN01000155014 | ||
| 049 | _aI | ||
| 050 | 4 |
_aPZ74.1 _bA5.3 |
|
| 100 | 1 |
_aRodríguez Almodóvar, Antonio, _d1941- _930636 |
|
| 245 | 1 | 3 |
_aEl hacha de oro / _cA. R. Almodóvar ; il. Víctor Moreno. |
| 260 |
_aSevilla, Esp. : _bAlgaida, _c[2004]. |
||
| 300 |
_a15 p. : _bprincipalmente il. col. |
||
| 440 | 0 |
_aCuentos de la media lunita ; _v18 |
|
| 650 | 4 |
_aCuentos infantiles españoles _97725 |
|
| 700 | 1 |
_aMoreno, Víctor, _eil. _935711 |
|
| 905 | _aInfantil | ||
| 999 |
_c127130 _d127130 |
||